|
|
|
|
| LEADER |
00000nab#a22000007a#4500 |
| 001 |
arbauad046122 |
| 003 |
AR-BaUAD |
| 005 |
20250711113540.0 |
| 008 |
000829|||||||||###||||||b###|0###a|spa|| |
| 040 |
|
|
|a AR-BaUAD
|c AR-BaUAD
|b spa
|
| 245 |
1 |
0 |
|a Equipment
|b PRS photochemical recycling system
|
| 300 |
0 |
|
|b fot.
|
| 653 |
|
|
|a CANADA
|
| 653 |
|
|
|a IDEO
|
| 653 |
|
|
|a MEDICINA
|
| 653 |
|
|
|a RAYOS X
|
| 653 |
|
|
|a EQUIPAMIENTO HOSPITALARIO
|
| 653 |
|
|
|a ARTEFACTOS
|
| 653 |
|
|
|a TRATAMIENTO
|
| 653 |
|
|
|a RESIDUOS
|
| 653 |
|
|
|a QUIMICA
|
| 653 |
|
|
|a RECICLAJE
|
| 653 |
|
|
|a DISEÑO INDUSTRIAL
|
| 773 |
0 |
|
|t I.D.
|g [jul.-ago. 2000], p. 176-177
|
| 942 |
|
|
|c ARTI
|
| 952 |
|
|
|0 0
|1 0
|4 0
|7 0
|9 91041
|a AR-BAuAD
|b AR-BAuAD
|d 2025-07-11
|l 0
|p AAQA046122
|r 2025-07-11 11:35:40
|w 2025-07-11
|y ARTI
|
| 990 |
|
|
|a CE200
|b TD
|
| 990 |
|
|
|a DI200
|b TD
|
| 990 |
|
|
|a CS200
|b TD
|
| 998 |
|
|
|a AAQ
|b BIBUN76
|
| 999 |
|
|
|c 70714
|d 70714
|